000 00995pam a2200289 a 4500
999 _c26349
_d26349
001 1510574
003 OSt
005 20170204092652.0
008 891103s1990 paua 001 0 eng
010 _a 89048464
020 _a0830683364 :
_c$26.95
020 _a0830633367 (pbk.) :
_c$16.60
040 _aDLC
_cDLC
_dDLC
050 0 0 _aNA7115
_b.W48 1990
082 0 0 _a728/.37
_220
100 1 _aWilliams, Gene B.
245 1 0 _aBe your own architect /
_cGene B. Williams.
250 _a1st ed.
260 _aBlue Ridge Summit, PA :
_bTab Books,
_cc1990.
300 _axii, 276 p. :
_bill. ;
_c25 cm.
500 _aIncludes index.
650 0 _aArchitecture, Domestic
_xAmateurs' manuals.
650 0 _aArchitecture, Domestic
_xDesigns and plans.
906 _a7
_bcbc
_corignew
_d1
_eocip
_f19
_gy-gencatlg
942 _2lcc
_cBOOKS
_hNA 7115 .W48 1990